000 00320 a2200145 4500
001 155038
040 _cEscola São Tomás de Aquino
100 _aBROOKE, Rebeca
240 1 0 _aCircles and Squares
_lpor
245 1 0 _aCircles and Squares
300 _a26
362 0 _a2005
697 _aLíngua inglesa
942 _cBK
999 _c155038
_d155038